| 000 | 00345nam a2200133Ia 4500 | ||
|---|---|---|---|
| 008 | 150201s2003 xx 000 0 und d | ||
| 082 |
_a610 _bS03D |
||
| 100 | _aDHIKAV,VIKAS | ||
| 245 | _aSEXUAL DEVIATIONS THE PARAPHILIAS | ||
| 250 | _a1ST | ||
| 260 |
_bAITBS _aDELHI _c2003 |
||
| 650 | _aOTHER CLINICAL & NON CLINICAL BOOKS | ||
| 942 |
_2ddc _cBK _03 |
||
| 999 |
_c1178 _d1178 |
||